000 00841nam a2200241 i 4500
001 175347
003 ES-MaACL
005 20231205193555.0
007 t|
008 101025s1972 sp o r ||||1| spa d
080 _a72 Fisac, Miguel
080 _a929 Fisac, Miguel
100 1 _aFullaondo, Juan Daniel.
_952999
245 1 0 _aFisac /
_cJuan Daniel Fullaondo.
260 _a[Madrid] :
_bDirección General de Bellas Artes,
_cimp. 1972.
300 _a69 p. :
_bfot. col. y n. ;
_c17 cm.
490 1 _aArtistas españoles contemporáneos. Arquitectos ;
_v29
600 1 4 _aFisac, Miguel,
_d1913-2006
_950964
710 1 _aEspaña.
_bDirección General de Bellas Artes.
_93704
830 0 _aArtistas españoles contemporáneos. Arquitectos ;
_v29
_9189669
852 _aES-MaACL
_j2261-F-29
_xOlim P-1916
999 _c175347
_d175347